Štátne právo Slovenskej republiky
Salvato in:
| Autore principale: | |
|---|---|
| Altri autori: | |
| Natura: | Libro |
| Lingua: | slovacco |
| Pubblicazione: |
Šamorín
Heuréka
2003
|
| Soggetti: | |
| Tags: |
Nessun Tag, puoi essere il primo ad aggiungerne!!
|
MARC
| LEADER | 00000nam$a2200000$$$4500 | ||
|---|---|---|---|
| 001 | 0007762 | ||
| 005 | 20221207102814.0 | ||
| 020 | |a 80-89122-07-8 | ||
| 041 | 0 | |a slo | |
| 044 | |a SK | ||
| 245 | 1 | 0 | |a Štátne právo Slovenskej republiky |c Marian Posluch, Ľubor Cibulka |
| 264 | 1 | |a Šamorín |b Heuréka |c 2003 | |
| 300 | |a 334 s. | ||
| 610 | 2 | 0 | |a právo štátne |
| 610 | 2 | 0 | |a Slovensko |
| 610 | 2 | 0 | |a štát |
| 610 | 2 | 0 | |a orgány štátne |
| 610 | 2 | 0 | |a ústava |
| 610 | 2 | 0 | |a právo ústavné |
| 610 | 2 | 0 | |a demokracia |
| 610 | 2 | 0 | |a voľby |
| 610 | 2 | 0 | |a práva ľudské |
| 610 | 2 | 0 | |a parlamenty |
| 610 | 2 | 0 | |a moc výkonná |
| 610 | 2 | 0 | |a súdnictvo |
| 610 | 2 | 0 | |a ombudsman |
| 610 | 2 | 0 | |a prokuratúra |
| 610 | 2 | 0 | |a advokácia |
| 610 | 2 | 0 | |a notárstvo |
| 610 | 2 | 0 | |a samospráva |
| 610 | 2 | 0 | |a moc zákonodarná |
| 100 | 1 | |a Posluch, Marian | |
| 700 | 1 | |a Cibulka, Ľubor | |